Biblioteca

Capacitación en primeros auxilios en las escuelas (Registro nro. 62653)

Detalles MARC
000 -LÍDER
Campo fijo de descripción fija 005810000a22001330004500
100 1# - ASIENTO PRINCIPAL--NOMBRE PERSONAL
Nombre personal Rojo, Cíntia, F.
245 10 - TÍTULO
Título del Material Capacitación en primeros auxilios en las escuelas
300 ## - DESCRIPCIÓN FÍSICA
Extensión Vol.0, núm.75 (2008), Página 5
500 ## - NOTA GENERAL
Nota General En julio de 2007 un grupo de voluntarios de varis iglesias bautistas de Sao Paulo, Brasil, Viajó a Paraguay para apoyar el trabajo de PEPE (Programa de Educación Preescolar.)
650 14 - ASIENTO SECUNDARIO DE MATERIA - TERMINO TEMÁTICO
Término temático o nombre geográfico como elemento de entrada PRIMEROS AUXILIOS-COLEGIOS
773 0# - HOST ITEM ENTRY
Title Paso a Paso
942 ## - TIPO DE MATERIAL (KOHA)
Tipo de Item KOHA Artículos de Revista
Existencias
Estado de Material Estado de Perdido Estado de Dañado No para Préstamo Colección Biblioteca de Origen Biblioteca Permanente Fecha de Adquisición Total de Préstamos Signatura Topográfica Última vez visto Fecha de Remplazo Tipo de Material
        Colección de Hemeroteca Biblioteca FUSBC Biblioteca FUSBC 26/01/2016   26/01/2016 26/01/2016 Artículos de Revista

Biblioteca FUSBC | Teléfono: (57+4) 349 88 10 Ext. 141| WhatsApp (+57) 3005338115 
E-mail: biblioteca@unisbc.edu.co | Calle 76 87-14 Robledo Palenque, Medellín, Colombia

Con tecnología Koha